Využitie sociálnych sietí pri nábore a výbere zamestnancov z tretích krajín bakalárska práca

Salvato in:
Dettagli Bibliografici
Autore principale: Nguyen Ngoc, Anh
Ente Autore: Fakulta podnikového manažmentu EU. Katedra informačného manažmentu
Altri autori: Bolek, Vladimír, 1988-
Natura: Libro
Lingua:slovacco
Pubblicazione: Bratislava 2023
Tags: Aggiungi Tag
Nessun Tag, puoi essere il primo ad aggiungerne!!

MARC

LEADER 00000nbm a2200000 4500
001 0293286
005 20240312135129.2
041 0 |a slo 
044 |a SK 
245 1 0 |a Využitie sociálnych sietí pri nábore a výbere zamestnancov z tretích krajín  |b bakalárska práca  |c Anh Nguyen Ngoc ; školiteľ: Vladimír Bolek 
264 1 |a Bratislava  |c 2023 
300 |a 63 s. 
100 1 |a Nguyen Ngoc, Anh 
700 1 |a Bolek, Vladimír, 1988- 
710 2 |a Fakulta podnikového manažmentu EU. Katedra informačného manažmentu